| 000 | 01396nam a22002777a 4500 | ||
|---|---|---|---|
| 001 | EPSA 0320 | ||
| 003 | gtcocun | ||
| 005 | 20250829173704.0 | ||
| 006 | a||||gr|||| 00| 0 | ||
| 007 | ta | ||
| 008 | 250829b2025 gt ||||| m||| 00| 0 eng d | ||
| 040 |
_agtcocun _bSPA _cgtcocun _eRDA |
||
| 041 | _aSPA EPSA 0320 | ||
| 084 | _0EPSA 0320 | ||
| 100 |
_aRalios Ical, Milton Boanerges _eAutor |
||
| 245 |
_aINFORME FINAL DEL EJERCICIO PROFESIONAL SUPERVISADO, REALIZADO EN SUPER NEGOCIOS H.M. S.A. UBICADO EN COBÁN, ALTA VERAPAZ/ _cMilton Boanerges Ralios Ical _hImpreso |
||
| 264 |
_aCobán, Alta Verapaz: _bUniversidad de San Carlos de Guatemala, Centro Universitario del Norte, Licenciatura en Administración de Empresas _c2025 |
||
| 300 |
_a34 p.: _bIlustraciones, gráficas. _c28 cm; |
||
| 502 | _eEPSA 0320 | ||
| 502 |
_aEjercicio Profesional Supervisado _bLicenciatura en Administración de Empresas, _cUniversidad de San Carlos de Guatemala, Centro Universitario del Norte, Licenciatura en Administración de Empresas _d2025 _oEPSA 0320 |
||
| 650 |
_2LEMB _aCobán, Alta Verapaz _vAdministración _xEstandarización _xProcedimientos _xCostos _xPersonal _xEstrategía _xCampaña |
||
| 700 |
_aM.A. Julio Armando Samayoa Santiago _eAsesor |
||
| 856 |
_uSin archivo en línea _zSin archivo en línea. |
||
| 942 |
_2ddc _cTES _iEPSA 0320 _kClasificación _n0 _6EPSA_0320_000000000000000 |
||
| 999 |
_c1530 _d1530 |
||